| 000 | 00568nam a2200217 a 4500 | ||
|---|---|---|---|
| 999 |
_c4815 _d4815 |
||
| 001 | 4815 | ||
| 003 | BD-JhCC | ||
| 005 | 20171203191454.0 | ||
| 008 | 171203s1962 e |||| || | 000 0 eng d | ||
| 035 | _a(BD-JhCC)4815 | ||
| 040 |
_aBD-JhCC _dBD-JhCC |
||
| 041 | _aeng | ||
| 082 |
_a910.4 _bMOO 1962 |
||
| 100 | _aMoon, Kenneth | ||
| 245 |
_aMan of Everest : _bThe Story of Sir Edmund Hillary / _cKenneth Moon, |
||
| 260 |
_aLondon : _bLutterworth Press, _c1962. |
||
| 300 |
_a95 p. : _c18 cm. |
||
| 650 |
_aMount Everest _zAsia |
||
| 942 |
_2ddc _cBK |
||